000 00967cam a22003014a 4500
003 UPN
005 20240924070718.0
008 991125m19912001mx 000 0 spa d
020 _a9682310482
035 _aUPN01000000146
040 _aUPN
_bspa
_cUPN
049 _aCG
050 4 _aBF173 F8.5
_bA4.3 1991
245 0 0 _aA medio siglo de el malestar en la cultura de Sigmund Freud /
_cSigmund Freud ... [et al.] ; [comp.] Néstor A. Braunstein.
250 _a6a ed.
260 _aMéxico :
_bSiglo XXI,
_c1991 (2001 impr.).
300 _a341 p.
490 0 _aPsicología y etología
500 _a"Mesa Redonda de la Fundación Mexicana de Asistencia Psicoterapeútica"
500 _a"Coloquios de la fundación ; no.1"
650 4 _aHumanismo
_914067
650 4 _aCultura
_97095
700 1 _aBraunstein, Néstor A.
_ecomp.
_937143
700 1 _aFreud, Sigmund,
_d1856-1939
_ecoaut.
_946404
905 _aLibro
942 _2lcc
_cLIBRO
999 _c146
_d146